000 01455nam0a22003131 4500
001 v19\rc\1512727
005 20060620123247.7
035 _a(NLR Aleph) 004637139
090 _a3244988
_c3244988
100 _a20060620d1884 |||y0rusy50 ca
101 0 _arus
102 _aRU
105 _aa z |||||
200 1 _aЖитие преподобного отца нашего Ксенофонта, супруги его Марии и двух сыновей его Иоанна и Аркадия
_fСост. Евгения Тур
_gС изображением преподобных, рис. проф. Ф.Г. Солнцевым
210 _aСанкт-Петербург
_cна средства Изд. о-ва при ... Постоян. комис. по устройству нар. чтений
_d1884
215 _a35 с., 1 л. ил.
_d18
700 1 _aТур
_bЕ.
_f1815-1892
_gЕвгения
_4220
702 0 _aКсенофонт Константинопольский
_cсв.
_4570
702 0 _aМария Константинопольская
_cсв.
_4570
702 0 _aИоанн Константинопольский
_cсв.
_4570
702 0 _aАркадий Константинопольский
_cсв.
_4570
702 1 _aСолнцев
_bФ. Г.
_4440
801 0 _aRU
_bNLR
_gpsbo
801 0 _aRU
_bRuMoRGB
_2psbo
801 1 _aRU
_bProSoft-M
_2rusmarc
852 _aNLR
_j18.156.1.297
899 _aRuMoRGB
_jМК
942 _cBOOK
980 _aNB